Hong Kong's unfolding future: The Greater Bay Area Development (Record no. 121640)
[ view plain ]
| 000 -LEADER | |
|---|---|
| fixed length control field | 00951nam a22001937a 4500 |
| 008 - FIXED-LENGTH DATA ELEMENTS--GENERAL INFORMATION | |
| fixed length control field | 230810e20230727xxk|||||o|||| 00| 0 eng d |
| 041 ## - LANGUAGE CODE | |
| Language code of text/sound track or separate title | eng |
| 110 ## - MAIN ENTRY--CORPORATE NAME | |
| Corporate author | Royal Institution of Chartered Surveyors |
| 245 ## - TITLE STATEMENT | |
| Title | Hong Kong's unfolding future: The Greater Bay Area Development |
| Medium | [Electronic resource] |
| 260 ## - PUBLICATION INFORMATION | |
| Place of publication | London, |
| Publisher | Royal Institution of Chartered Surveyors, |
| Date | 27 July 2023 |
| 520 ## - ABSTRACT | |
| Abstract | Donglai Luo, RICS Senior Economist, assesses the impact of new policy measures designed to support economic growth on Hong Kong’s property industry in this World Built Environment Forum article<br/>key |
| 650 ## - KEYWORDS | |
| Keywords | COMMERCIAL PROPERTY |
| 650 ## - KEYWORDS | |
| Keywords | PROPERTY MARKET |
| 650 ## - KEYWORDS | |
| Keywords | RESIDENTIAL PROPERTY |
| 651 ## - SUBJECT ADDED ENTRY--GEOGRAPHIC NAME | |
| Geographic name | Hong Kong |
| 710 ## - ADDED CORPORATE NAME | |
| Added corporate author | Royal Institution of Chartered Surveyors |
| 856 ## - ONLINE RESOURCE | |
| Uniform Resource Identifier | <a href="https://www.rics.org/news-insights/wbef/hong-kongs-unfolding-future-consequences-for-the-property-industry-part-3">https://www.rics.org/news-insights/wbef/hong-kongs-unfolding-future-consequences-for-the-property-industry-part-3</a> |
| Public note | Available free on RICS.org |
| 942 ## - ADDED ENTRY ELEMENTS (KOHA) | |
| Suppress in OPAC | Do not suppress in OPAC |
| Lost status | Damaged status | Not for loan | Current library | Shelving location | Date acquired | Total Checkouts | Full call number | Date last seen | Price effective from | Koha item type |
|---|---|---|---|---|---|---|---|---|---|---|
| Virtual | Online | 10/08/2023 | ONLINE PUBLICATION | 10/08/2023 | 10/08/2023 | Online material |